| 000 | 00651nam a2200205 i 4500 | ||
|---|---|---|---|
| 001 | 128335 | ||
| 003 | ES-MaACL | ||
| 005 | 20230906193235.0 | ||
| 007 | t| | ||
| 008 | 070702s1967 fr ||||1| fre d | ||
| 080 | _a7(460)(036) | ||
| 245 | 0 | 0 |
_aGuide artistique de l'Espagne / _cavec la collaboration de José Milicua. |
| 260 |
_aParis : _bPierre Tisné : _bA. Hatier, _c[1967] |
||
| 300 |
_a559 p. : _bil. ; _c24 cm. |
||
| 500 | _aBiblioteca Jacinto Martínez Lacalle. | ||
| 500 | _aIndice geográfico. | ||
| 650 | 1 | 4 |
_aArte español- _xGuías turísticas. _910193 |
| 700 | 1 |
_aMilicua, José. _981113 |
|
| 852 |
_aES-MaACL _jE-11795 _bR.139793 |
||
| 999 |
_c128335 _d128335 |
||